Statistiques concernant Les groupes/artistes de K-Pop les plus écoutés en août 2023

Cliquez ici pour prendre le quiz!

Statistiques générales

  • Ce quiz a été pris 138 fois
    (135 depuis la dernière actualisation)
  • Le résultat moyen est 31 sur 72

Statistiques - réponses

Nombre d'auditeurs mensuelRéponse% Correct
21 999 438Blackpink
98%
34 526 345BTS
98%
8 275 889Stray Kids
95%
26 322 303NewJeans
84%
10 248 084Twice
81%
6 178 893Exo
72%
11 776 115(G)i-dle
72%
10 985 474TXT
72%
7 420 166aespa
71%
6 554 547Itzy
71%
7 284 208Seventeen
68%
34 164 393Jung Kook
67%
10 210 310Le Sserafim
67%
7 982 617V
67%
15 602 700NCT
65%
3 085 517The Rose
65%
9 172 969Enhypen
64%
3 781 887Ateez
63%
9 532 932Jimin
63%
11 747 940Lisa
63%
4 417 577Agust D
62%
7 125 181Jisoo
62%
5 807 105Red Velvet
62%
4 078 496Rosé
62%
6 774 110Jennie
61%
8 159 428Ive
60%
3 586 787RM
60%
1 902 668B.I
57%
4 347 740j-hope
56%
2 862 480Jin
54%
2 881 540Mamamoo
54%
4 203 921NMIXX
52%
3 016 139BigBang
44%
3 695 394SHINee
44%
2 244 642Monsta X
43%
1 501 214Got7
39%
1 141 463Dreamcatcher
38%
2 253 696Everglow
38%
2 965 954Hwa Sa
35%
4 870 045Treasure
35%
1 655 414Kep1er
34%
5 915 717IU
33%
3 156 499StayC
33%
1 520 609P1Harmony
31%
1 267 210The Boyz
31%
1 735 187LOONA
30%
1 652 450Iz*One
28%
1 989 364K.A.R.D
28%
2 964 453Jessi
27%
1 699 638Jihyo
27%
1 228 068Super Junior
26%
1 897 4082NE1
24%
2 360 170iKON
24%
4 727 145Bibi
23%
1 184 368Taemin
23%
1 093 860Pentagon
20%
1 518 739G-Dragon
18%
4 078 692Jay Park
16%
2 312 120Chung Ha
15%
1 133 964Weeekly
15%
1 095 775Winner
15%
6 467 783Taeyang
14%
2 108 745Taeyong
14%
1 919 610Day6
13%
2 175 257Sunmi
13%
1 307 451Oh My Girl
12%
2 762 577SNSD
11%
3 270 678Eric Nam
7%
3 009 098Jackson Wang
7%
1 037 034Kang Daniel
6%
1 757 502Dean
4%
1 625 840Ailee
2%

Distribution des résultats

Percentile par nombre de réponses

% des personnes avec chaque résultat

Votre développement - résultats

Vous n’avez pas pris ce quiz depuis la dernière actualisation